000 00640nam a22001817a 4500
008 260407b |||||||| |||| 00| 0 eng d
020 _a9780852453575
040 _aCUZ
_beng
_cCUZ
_drda
_eCUZ
050 _aBX7732.S9SPI
245 _aSpirited Living :
_bWaging conflicts , building peace
_cedited by Simon Fisher
264 _aLondon
_bQuaker Books
_c©2004
300 _aextent xiv, 123pages
336 _atext
_btxt
337 _aunmediated
_bn
338 _2rdacarrier
650 _a Philosophy, Psychology and Religion
_a Christian Denominations 
_a Protestantism 
942 _cOS
_i7732.S9SPI
_kBX
999 _c45577
_d45577